01322nam a2200337 a 4500001001200000003000800012006001900020007001500039008004100054010001700095020003000112020002700142020002700169040002100196035002100217050002400238082001500262245008500277260004900362300003600411490004500447504005100492533015200543650002900695655002900724700002500753710001700778830004600795856012600841999001700967ebr10686401CaPaEBRm u cr cn|||||||||110323s2011 nyuad sb 001 0 eng d z 2011007088 z9781612099873 (hardcover) z1612099874 (hardcover) z9781620819234 (e-book) aCaPaEBRcCaPaEBR a(OCoLC)83930277314aTS183b.M345 2011eb04a670.4222200aManufacturing engineeringh[electronic resource] /cAnthony B. Savarese, editor. aNew York :bNova Science Publishers,cc2011. axi, 171 p. :bill. (some col.).1 aEngineering tools, techniques and tables aIncludes bibliographical references and index. aElectronic reproduction.bPalo Alto, Calif. :cebrary,d2013.nAvailable via World Wide Web.nAccess may be limited to ebrary affiliated libraries. 0aManufacturing processes. 7aElectronic books.2local1 aSavarese, Anthony B.2 aebrary, Inc. 0aEngineering tools, techniques and tables.40uhttp://site.ebrary.com/lib/rucke/Doc?id=10686401zAn electronic book accessible through the World Wide Web; click to view c13081d13081